| 000 | 00753nam a2200205 a 4500 | ||
|---|---|---|---|
| 005 | 20230315063844.0 | ||
| 008 | 991125s1971 med 000 0 spa u | ||
| 035 | _aUPN01000020508 | ||
| 049 | _aCG | ||
| 050 | 4 |
_aBF76 _bG5.4 |
|
| 100 | 1 | _aGiraldo Gómez, Antonio José | |
| 245 | 1 | 0 |
_aEscala de actitudes hacia el magisterio como profesión / _cpor Antonio José Giraldo Gómez, Jorge Elíecer Ruiz Gallegos. |
| 260 |
_aMedellín (Col.) : _bA. J. Giraldo Gómez : _bCIED, _c1971. |
||
| 300 | _ax, 154 p. | ||
| 502 | _aTesis (Magister en Educación) -- Universidad de Antioquia, 1971 | ||
| 650 | 7 |
_aActitud (Psicología) _xPruebas _2 _9126 |
|
| 650 | 4 |
_aOrientación vocacional _95 |
|
| 700 | 1 |
_aRuiz Gallegos, Jorge Elíecer, _ecoaut. |
|
| 905 | _aTesis | ||
| 999 |
_c20508 _d20508 |
||